Manual of percutaneous coronary interventions : (Record no. 101351)
[ view plain ]
| 000 -LEADER | |
|---|---|
| fixed length control field | 01021nam a2200277 a 4500 |
| 003 - CONTROL NUMBER IDENTIFIER | |
| control field | OSt |
| 005 - DATE AND TIME OF LATEST TRANSACTION | |
| control field | 20250929121453.0 |
| 008 - FIXED-LENGTH DATA ELEMENTS--GENERAL INFORMATION | |
| fixed length control field | |
| 020 ## - INTERNATIONAL STANDARD BOOK NUMBER | |
| International Standard Book Number | 9780128193679 (Paperback) |
| Terms of availability | USD 62.00 |
| 040 ## - CATALOGING SOURCE | |
| Original cataloging agency | NUST |
| Transcribing agency | NUST |
| Language of cataloging | eng |
| Modifying agency | NUST |
| Description conventions | rda |
| 050 ## - LIBRARY OF CONGRESS CALL NUMBER | |
| Classification number | REF RD598.36.C35 BRI |
| 100 1# - MAIN ENTRY--PERSONAL NAME | |
| Personal name | Brilakis, Emmanouil |
| Relator term | Author |
| 245 10 - TITLE STATEMENT | |
| Title | Manual of percutaneous coronary interventions : |
| Remainder of title | a step-by-step approach / |
| Statement of responsibility, etc. | Emmanouil Brilakis. |
| 260 ## - PUBLICATION, DISTRIBUTION, ETC. | |
| Place of publication, distribution, etc. | London : |
| Name of publisher, distributor, etc. | Academic Press, |
| Date of publication, distribution, etc. | ©2021. |
| 300 ## - PHYSICAL DESCRIPTION | |
| Extent | xxiv, 581 pages : |
| Other physical details | Illustrations ; |
| Dimensions | 28 cm. |
| 336 ## - CONTENT TYPE | |
| Content type term | text |
| Content type code | txt |
| Source | rdacontent |
| 337 ## - MEDIA TYPE | |
| Media type term | unmediated |
| Media type code | n |
| Source | rdamedia |
| 338 ## - CARRIER TYPE | |
| Carrier type term | volume |
| Carrier type code | nc |
| Source | rdacarrier |
| 504 ## - BIBLIOGRAPHY, ETC. NOTE | |
| Bibliography, etc. note | Includes bibliographical references and index. |
| 650 #1 - SUBJECT ADDED ENTRY--TOPICAL TERM | |
| Topical term or geographic name entry element | Cardiac catheterization. |
| 650 #1 - SUBJECT ADDED ENTRY--TOPICAL TERM | |
| Topical term or geographic name entry element | Heart |
| General subdivision | Surgery. |
| 650 #1 - SUBJECT ADDED ENTRY--TOPICAL TERM | |
| Topical term or geographic name entry element | Heart |
| General subdivision | Diseases |
| Chronological subdivision | Treatment. |
| 650 #1 - SUBJECT ADDED ENTRY--TOPICAL TERM | |
| Topical term or geographic name entry element | Thoracic surgery. |
| 650 #1 - SUBJECT ADDED ENTRY--TOPICAL TERM | |
| Topical term or geographic name entry element | Heart diseases |
| General subdivision | therapy. |
| 942 ## - ADDED ENTRY ELEMENTS (KOHA) | |
| Koha item type | Reference Material |
| Call number prefix | REF RD |
| Call number suffix | BRI |
| Source of classification or shelving scheme | Library of Congress Classification |
| Classification part | REF RD598.36.C35BRI |
| Suppress in OPAC | No |
| Withdrawn status | Lost status | Source of classification or shelving scheme | Damaged status | Not for loan | Collection | Home library | Current library | Shelving location | Date acquired | Source of acquisition | Cost, normal purchase price | Total Checkouts | Full call number | Barcode | Date last seen | Accession number | Cost, replacement price | Price effective from | Koha item type | Public note |
|---|---|---|---|---|---|---|---|---|---|---|---|---|---|---|---|---|---|---|---|---|
| LCC | NFIC | Medical | Medical | REFERENCE | 01/20/2023 | Book Aid International | 80.00 | REF RD598.36.C35 BRI | 92004051117 | 01/20/2023 | 59185 | 80.00 | 01/20/2023 | BOOKS | Donation | |||||
| LCC | NFIC | Medical | Medical | REFERENCE | 03/19/2025 | Book Aid International | 63.00 | REF RD598.36.C35 BRI | 92004056773 | 03/19/2025 | 62377 | 63.00 | 03/19/2025 | BOOKS | Donation | |||||
| LCC | NFIC | Medical | Medical | REFERENCE | 09/19/2025 | Book Aid International | 62.00 | REF RD598.36.C35 BRI | 92004056198 | 09/19/2025 | 62991 | 62.00 | 09/19/2025 | BOOKS | Donation |